<?xml version="1.0" encoding="UTF-8"?>
<record
    xmlns:xsi="http://www.w3.org/2001/XMLSchema-instance"
    xsi:schemaLocation="http://www.loc.gov/MARC21/slim http://www.loc.gov/standards/marcxml/schema/MARC21slim.xsd"
    xmlns="http://www.loc.gov/MARC21/slim">

  <leader>03411nam a2200361 u 4500</leader>
  <controlfield tag="001">000019910</controlfield>
  <controlfield tag="003">DO-SdBNP</controlfield>
  <controlfield tag="005">20260427121709.0</controlfield>
  <controlfield tag="008">100709t2009    dr a    r     001 0 spa d</controlfield>
  <datafield tag="020" ind1=" " ind2=" ">
    <subfield code="a">9789945443493</subfield>
  </datafield>
  <datafield tag="040" ind1=" " ind2=" ">
    <subfield code="a">DO-SdBNP</subfield>
    <subfield code="b">spa</subfield>
    <subfield code="c">BNPHU</subfield>
  </datafield>
  <datafield tag="082" ind1=" " ind2="4">
    <subfield code="a">RD860.8</subfield>
    <subfield code="b">C744o, 2008</subfield>
    <subfield code="2">22</subfield>
  </datafield>
  <datafield tag="111" ind1="2" ind2=" ">
    <subfield code="a">Concurso de arte y literatura Bancentral</subfield>
    <subfield code="n">(12&#xAA;:</subfield>
    <subfield code="d">2008 :</subfield>
    <subfield code="c">Santo Domingo, Rep&#xFA;blica Dominicana)</subfield>
    <subfield code="9">42467</subfield>
  </datafield>
  <datafield tag="245" ind1="1" ind2="0">
    <subfield code="a">Obras premiadas /</subfield>
    <subfield code="c">presentaci&#xF3;n, H&#xE9;ctor Valdez Albizu ; edici&#xF3;n, Elvis Francis Soto.</subfield>
  </datafield>
  <datafield tag="260" ind1=" " ind2=" ">
    <subfield code="a">Santo Domingo :</subfield>
    <subfield code="b">Departamento Cultural del Banco Central,</subfield>
    <subfield code="c">2009.</subfield>
  </datafield>
  <datafield tag="300" ind1=" " ind2=" ">
    <subfield code="a">188 p. :</subfield>
    <subfield code="b">il., retr. ;</subfield>
    <subfield code="c">23 cm.</subfield>
  </datafield>
  <datafield tag="490" ind1="1" ind2=" ">
    <subfield code="a">Banco Central de la Rep&#xFA;blica Dominicana</subfield>
    <subfield code="v">127</subfield>
  </datafield>
  <datafield tag="490" ind1="1" ind2=" ">
    <subfield code="a">Obras premiadas</subfield>
    <subfield code="v">12</subfield>
  </datafield>
  <datafield tag="500" ind1=" " ind2=" ">
    <subfield code="a">Incluye s&#xED;ntesis biogr&#xE1;fica de los autores premiados.</subfield>
  </datafield>
  <datafield tag="505" ind1="0" ind2=" ">
    <subfield code="g">Presentaci&#xF3;n --</subfield>
    <subfield code="t">Cuento :</subfield>
    <subfield code="t">Primer premio :</subfield>
    <subfield code="t">Sin bolitas azules la tarde es otra cosa /</subfield>
    <subfield code="r">Ariadna Adames Rojas --</subfield>
    <subfield code="g">Segundo premio :</subfield>
    <subfield code="t">Rodolfo /</subfield>
    <subfield code="r">Teresa Calder&#xF3;n Cabral --</subfield>
    <subfield code="g">Tercer premio :</subfield>
    <subfield code="t">Los hombres no lloran /</subfield>
    <subfield code="r">Luis Antonio S&#xE1;nchez Cavallo --</subfield>
    <subfield code="g">Primera menci&#xF3;n de honor :</subfield>
    <subfield code="t">Locura, aquel tiempo de tristeza /</subfield>
    <subfield code="r">Ariadna Adames Rojas --</subfield>
    <subfield code="g">Segunda menci&#xF3;n honor :</subfield>
    <subfield code="t">Un gato como regalo /</subfield>
    <subfield code="r">Luis Francisco C&#xF3;rdova V&#xE1;squez /</subfield>
    <subfield code="g">Tercera menci&#xF3;n de honor :</subfield>
    <subfield code="t">Que viva el toro /</subfield>
    <subfield code="r">M&#xE1;ximo Mendoza --</subfield>
    <subfield code="g">Cuarta menci&#xF3;n de honor :</subfield>
    <subfield code="t">Hoy /</subfield>
    <subfield code="r">Rafael Cintr&#xF3;n --</subfield>
    <subfield code="g">Quinta menci&#xF3;n de honor :</subfield>
    <subfield code="t">S&#xED;sifa /</subfield>
    <subfield code="r">Ellen P&#xE9;rez Ducy --</subfield>
    <subfield code="g">Sexta menci&#xF3;n de honor :</subfield>
    <subfield code="t">Anorexius tremis /</subfield>
    <subfield code="r">Patricia Carolina Landolfi --</subfield>
    <subfield code="g">S&#xE9;ptima menci&#xF3;n de honor :</subfield>
    <subfield code="t">El mech&#xF3;n /</subfield>
    <subfield code="r">N&#xE9;rcido Melanio Vargas --</subfield>
    <subfield code="g">Pintura :</subfield>
    <subfield code="g">Primer premio :</subfield>
    <subfield code="t">Zanahorias /</subfield>
    <subfield code="r">C&#xE1;ndida V. Laureano de Mej&#xED;a --</subfield>
    <subfield code="g">Segundo premio :</subfield>
    <subfield code="t">Bodeg&#xF3;n de luz /</subfield>
    <subfield code="r">Ariadna Adames Rojas --</subfield>
    <subfield code="g">Tercer premio :</subfield>
    <subfield code="t">Bodeg&#xF3;n en sepia /</subfield>
    <subfield code="r">Teresa Calder&#xF3;n Cabral --</subfield>
    <subfield code="g">Primera menci&#xF3;n de honor :</subfield>
    <subfield code="t">Los tulipanes /</subfield>
    <subfield code="r">C&#xE1;ndida V. Laureano de Mej&#xED;a --</subfield>
    <subfield code="g">Segunda menci&#xF3;n de honor :</subfield>
    <subfield code="t">El Ozama camina por Guachupita /</subfield>
    <subfield code="r">Geraldo A. Pimentel Ram&#xED;rez --</subfield>
    <subfield code="g">Tercera menci&#xF3;n de honor :</subfield>
    <subfield code="t">Amapolas del campo de Francia /</subfield>
    <subfield code="r">Celina Fondeur Cernuda --</subfield>
    <subfield code="g">Cuarta menci&#xF3;n de honor :</subfield>
    <subfield code="t">Ternura /</subfield>
    <subfield code="r">Maritza Balbuena --</subfield>
    <subfield code="g">Dibujo :</subfield>
    <subfield code="g">Primer premio :</subfield>
    <subfield code="t">Flor de loto /</subfield>
    <subfield code="r">Juan &#xC9;lido Estev&#xE9;z Hurtado --</subfield>
    <subfield code="g">Segundo premio :</subfield>
    <subfield code="t">Ma&#xF1;ana campesina /</subfield>
    <subfield code="r">Geraldo Amable Pimentel Ram&#xED;rez --</subfield>
    <subfield code="g">Tercer premio :</subfield>
    <subfield code="t">La barquita /</subfield>
    <subfield code="r">Ysabel Yrene Lora Ram&#xED;rez --</subfield>
    <subfield code="g">Menci&#xF3;n de honor :</subfield>
    <subfield code="t">Algunas manzanas /</subfield>
    <subfield code="r">Ysabel Yrene Lora Ram&#xED;rez --</subfield>
  </datafield>
  <datafield tag="505" ind1="0" ind2=" ">
    <subfield code="g">Fotograf&#xED;a :</subfield>
    <subfield code="g">Primer premio :</subfield>
    <subfield code="t">El colorao /</subfield>
    <subfield code="r">Alejandro Guzm&#xE1;n Ireomazzo --</subfield>
    <subfield code="g">Segundo premio :</subfield>
    <subfield code="t">Zupia /</subfield>
    <subfield code="r">Sabrina Hern&#xE1;ndez Batle --</subfield>
    <subfield code="g">Tercer premio :</subfield>
    <subfield code="t">Sin aplausos por favor /</subfield>
    <subfield code="r">Alfredo Antonio Gell G&#xF3;mez --</subfield>
    <subfield code="g">Segunda menci&#xF3; de honor :</subfield>
    <subfield code="t">Alfarero en creaci&#xF3;n /</subfield>
    <subfield code="r">Rafael V. Ravelo Pe&#xF1;a --</subfield>
    <subfield code="t">Miembros del jurado del concurso de Arte y Literatura --</subfield>
    <subfield code="t">Colecci&#xF3;n del Banco Central de la Rep&#xFA;blica Dominicana.</subfield>
  </datafield>
  <datafield tag="586" ind1=" " ind2=" ">
    <subfield code="a">Premios del concurso de arte y literatura Bancentral 2008.</subfield>
  </datafield>
  <datafield tag="590" ind1=" " ind2=" ">
    <subfield code="a">Inventariado, 2018/BT</subfield>
  </datafield>
  <datafield tag="650" ind1=" " ind2="4">
    <subfield code="a">Arte y literatura</subfield>
    <subfield code="x">Premios</subfield>
    <subfield code="9">23011</subfield>
  </datafield>
  <datafield tag="650" ind1=" " ind2="4">
    <subfield code="a">Arte dominicano</subfield>
    <subfield code="y">Siglo XX</subfield>
    <subfield code="9">23012</subfield>
  </datafield>
  <datafield tag="650" ind1=" " ind2="4">
    <subfield code="a">Pintura dominicana</subfield>
    <subfield code="x">Premios</subfield>
    <subfield code="9">23013</subfield>
  </datafield>
  <datafield tag="650" ind1=" " ind2="4">
    <subfield code="a">Literatura dominicana </subfield>
    <subfield code="y">Siglo XX</subfield>
    <subfield code="9">85167</subfield>
  </datafield>
  <datafield tag="700" ind1="1" ind2=" ">
    <subfield code="a">Soto, Elvis Francis,</subfield>
    <subfield code="e">ed.</subfield>
    <subfield code="9">39156</subfield>
  </datafield>
  <datafield tag="700" ind1="1" ind2=" ">
    <subfield code="a">Valdez Albizu, H&#xE9;ctor,</subfield>
    <subfield code="d">1947-</subfield>
    <subfield code="9">12322</subfield>
  </datafield>
  <datafield tag="830" ind1=" " ind2="0">
    <subfield code="a">Banco Central de la Rep&#xFA;blica Dominicana;</subfield>
    <subfield code="v">127</subfield>
    <subfield code="p">Obras premiadas</subfield>
    <subfield code="n">12</subfield>
    <subfield code="9">42468</subfield>
  </datafield>
  <datafield tag="910" ind1=" " ind2=" ">
    <subfield code="a">Validado. Control de calidad. EMS</subfield>
  </datafield>
  <datafield tag="942" ind1=" " ind2=" ">
    <subfield code="2">ddc</subfield>
    <subfield code="c">LBS1</subfield>
  </datafield>
  <datafield tag="952" ind1=" " ind2=" ">
    <subfield code="0">0</subfield>
    <subfield code="1">0</subfield>
    <subfield code="5">4</subfield>
    <subfield code="7">0</subfield>
    <subfield code="8">DS</subfield>
    <subfield code="a">GR</subfield>
    <subfield code="b">GR</subfield>
    <subfield code="c">HD</subfield>
    <subfield code="d">2010-07-09</subfield>
    <subfield code="i">LF1</subfield>
    <subfield code="l">0</subfield>
    <subfield code="o">RD860.8 C744o, 2008</subfield>
    <subfield code="p">19910-30</subfield>
    <subfield code="r">2020-06-25</subfield>
    <subfield code="t">e. 3</subfield>
    <subfield code="w">2020-06-25</subfield>
    <subfield code="y">LFDS</subfield>
    <subfield code="Z">Pr&#xE9;stamo en sala</subfield>
  </datafield>
  <datafield tag="952" ind1=" " ind2=" ">
    <subfield code="0">0</subfield>
    <subfield code="1">0</subfield>
    <subfield code="5">4</subfield>
    <subfield code="7">0</subfield>
    <subfield code="8">DS</subfield>
    <subfield code="a">GR</subfield>
    <subfield code="b">GR</subfield>
    <subfield code="c">HD</subfield>
    <subfield code="d">2018-07-04</subfield>
    <subfield code="i">LF1</subfield>
    <subfield code="l">0</subfield>
    <subfield code="o">RD860.8 C744o, 2008</subfield>
    <subfield code="p">19910-40</subfield>
    <subfield code="r">2020-06-25</subfield>
    <subfield code="t">e. 4</subfield>
    <subfield code="w">2020-06-25</subfield>
    <subfield code="y">LFDS</subfield>
    <subfield code="Z">Pr&#xE9;stamo en sala</subfield>
  </datafield>
  <datafield tag="952" ind1=" " ind2=" ">
    <subfield code="0">0</subfield>
    <subfield code="1">0</subfield>
    <subfield code="7">1</subfield>
    <subfield code="8">PD</subfield>
    <subfield code="a">PD</subfield>
    <subfield code="b">PD</subfield>
    <subfield code="c">HD</subfield>
    <subfield code="d">2010-07-09</subfield>
    <subfield code="i">LF1</subfield>
    <subfield code="l">0</subfield>
    <subfield code="o">RD860.8 C744o, 2008</subfield>
    <subfield code="p">19910-10</subfield>
    <subfield code="r">2020-06-25</subfield>
    <subfield code="w">2020-06-25</subfield>
    <subfield code="y">LFPD</subfield>
    <subfield code="Z">No se presta</subfield>
  </datafield>
  <datafield tag="952" ind1=" " ind2=" ">
    <subfield code="0">0</subfield>
    <subfield code="1">0</subfield>
    <subfield code="7">1</subfield>
    <subfield code="8">PD</subfield>
    <subfield code="a">PD</subfield>
    <subfield code="b">PD</subfield>
    <subfield code="c">HD</subfield>
    <subfield code="d">2010-07-09</subfield>
    <subfield code="i">LF1</subfield>
    <subfield code="l">0</subfield>
    <subfield code="o">RD860.8 C744o, 2008</subfield>
    <subfield code="p">19910-20</subfield>
    <subfield code="r">2020-06-25</subfield>
    <subfield code="t">e. 2</subfield>
    <subfield code="w">2020-06-25</subfield>
    <subfield code="y">LFPD</subfield>
    <subfield code="Z">No se presta</subfield>
  </datafield>
  <datafield tag="999" ind1=" " ind2=" ">
    <subfield code="c">19423</subfield>
    <subfield code="d">19423</subfield>
  </datafield>
</record>
